Reverse Dictionary #88 - Statistics

General Stats
  • This quiz has been taken 26 times
  • The average score is 17 of 25
Answer Stats
Definition First
Letter
Word % Correct
Any of various insects in the family Formicidae in the order Hymenoptera, typically living in large colonies composed almost entirely of flightless females. A Ant
100%
A substance (of molecular formula H2O) found at room temperature and pressure as a clear liquid; it is present naturally as rain, and found in rivers, lakes and seas; its solid form is ice and its gaseous form is steam. W Water
100%
A bicycle or motorcycle. B Bike
96%
A protective covering for the foot, with a bottom part composed of a thick leather or plastic sole and often a thicker heel, and a softer upper part made of leather or synthetic material. S Shoe
96%
A person skilled at the trade of cutting and joining timber in order to construct buildings or other structures. C Carpenter
92%
A covered motor vehicle used to carry goods or (normally fewer than ten) persons, usually roughly cuboid in shape. V Van
92%
Required, essential, whether logically inescapable or needed in order to achieve a desired result or avoid some penalty. N Necessary
83%
Circular or cylindrical; having a circular cross-section in one direction. R Round
83%
To expel air as a reflex induced by an irritation in the nose. S Sneeze
83%
An abstract entity used to describe quantity. N Number
79%
To get hold of; to gain possession of, to procure; to acquire, in any way. O Obtain
79%
To produce (speech or other sounds) with one's voice. U Utter
79%
In good working order. F Functional
75%
1. To follow at speed.2. To pursue. C Chase
71%
Entertainment. A Amusement
67%
Limitless, with infinite extent. B Boundless
63%
Inclined to squander money or resources. W Wasteful
63%
A metallic alloy of copper and zinc used in many industrial and plumbing applications. B Brass
58%
Very happy, perhaps too much so. O Overjoyed
58%
1. To meet the needs of, to fulfill the wishes or requirements of (someone).2. To provide what is wanted or required for (something). S Satisfy
46%
To impress or stamp (a mark or outline) on a surface or body. I Imprint
42%
Exceptionally good; distinguished from others by its superiority. O Outstanding
42%
1. Not performing its proper or intended function.2. Functioning incorrectly or abnormally; especially, designating of a business, family or social group with harmful, aberrant, strange or abnormal behavior. D Dysfunctional
29%
Very severe, cruel, or harsh. D Draconian
21%
(childish) Very small; tiny. T Teeny-tiny
8%
No matching quizzes found
Score Distribution
Percent of People with Each Score
Percentile by Number Answered
Your Score History
You have not taken this quiz